000
00309nam a2200133Ia 4500
005
20251222140052.0
008
251222s1900||||xx |||||||||||||| ||spa||
082
_a
160/R84
100
_a
Rosales Papa, Diógenes
245
0
_a
Introducción a la Lógica
250
_a
2a.ed.
264
_b
Lubraso
942
_c
LIB
999
_c
3619
_d
3619